Prínosy analýzy a testovania finančnej štruktúry pre riadiacu prax podniku
Skúmanie procesu prípravy správ pre rozhodovanie o financovaní podniku, jeho investičných zámeroch alebo bežných prevádzkových potrebách. Skúmanie finančnej štruktúry pre potreby riadenia podniku.
Saved in:
| Main Author: | |
|---|---|
| Format: | Book Chapter |
| Language: | Slovak |
| Subjects: | |
| Tags: |
No Tags, Be the first to tag this record!
|
MARC
| LEADER | 00000naa$a2200000$$$4500 | ||
|---|---|---|---|
| 001 | 0251027 | ||
| 005 | 20240502074027.9 | ||
| 041 | 0 | |a slo | |
| 044 | |a SK | ||
| 245 | 1 | 0 | |a Prínosy analýzy a testovania finančnej štruktúry pre riadiacu prax podniku |c Alena Tóthová |
| 520 | |a Skúmanie procesu prípravy správ pre rozhodovanie o financovaní podniku, jeho investičných zámeroch alebo bežných prevádzkových potrebách. Skúmanie finančnej štruktúry pre potreby riadenia podniku. | ||
| 610 | 2 | 0 | |a podnik |
| 610 | 2 | 0 | |a štruktúra podniku finančná |
| 610 | 2 | 0 | |a riadenie podnikové |
| 610 | 2 | 0 | |a testy |
| 100 | 1 | |a Tóthová, Alena, 1968- | |